000 00489nam a2200181Ia 4500
005 20250423095158.0
008 250422s9999 xx 000 0 und d
020 _a9788120345232
050 _aGE 105 .M44/
100 _aMeenakshi, P.
245 0 _aElements of environmental science and engineering
260 _aDelhi
260 _bPHI Learning Private Limited
260 _c2012
300 _a336 p
650 _a Environmental sciences. Environmental engineering.
942 _cBK
999 _c29484
_d29484